Click to Translate - Turkish - Statistics

General Stats
  • This quiz has been taken 3,902 times
  • The average score is 13 of 20
Answer Stats
Hint Answer % Correct
Father Baba
91%
Tea Çay
86%
Goodbye Güle güle
78%
Ticket Bilet
77%
Yes Evet
73%
Airport Havalimanı
72%
Water Su
70%
Cake Kek
69%
Bread Ekmek
67%
Good İyi
65%
Dog Köpek
64%
Wednesday Çarşamba
60%
Seven Yedi
60%
Red Kırmızı
59%
Hot Sıcak
59%
Star Yıldız
59%
Week Hafta
57%
Think Düşünmek
56%
Yesterday Dün
51%
Country Ülke
51%
No matching quizzes found
Score Distribution
Percent of People with Each Score
Percentile by Number Answered
Your Score History
You have not taken this quiz